00404pab a2200145 454500008004000000100002300040245007400063260000900137300001300146362001200159650003100171650001800202700001800220773002000238180718b2005 xxu||||| |||| 00| 0 eng d aKhasrul, Kazi S.M. aPersonnel aspects in Bangladesh civil service: policies and practices c2005 ap.20-35. aApr-Jun aCivil service - Bangladesh aCivil service aQuddusi, Alam aIASSI Quarterly